000
00326nam a2200133Ia 4500
005
20260328104331.0
008
260328s9999||||xx |||||||||||||| ||und||
100
_a
McCormack, Catherine
245
4
_a
The Art of Looking Up /
_c
Catherine McCormack
260
_b
White Lion
300
_a
239 p.
650
_a
ARTE
942
_c
BK
999
_c
11699
_d
11699